000 00784nam a2200229 a 4500
001 000011220
005 20240412074224.0
008 091015t1991 dr a r 001 p spa d
040 _aDO-SdBNP
_bspa
_cBNPHU
082 _aRD861.44
_bR696e
100 1 _aRodríguez de León, Francisco,
_d1945-
_926783
245 1 4 _aLos exiliados del sueño /
_cFrancisco Rodríguez de León.
260 _aSanto Domingo :
_bTaller,
_c1991.
300 _a62 p. :
_bil. ;
_c20 cm.
500 _aIncluye datos biográficos del autor en la contracubierta.
504 _aIncluye glosario : p. 45-59.
504 _aIncluye notas : p. 60-62.
590 _aInventariado, 2018/BT
650 0 _aPoesía dominicana
_966
650 0 _aLiteratura dominicana.
_967
910 _aValidado. Control de calidad. EMS
999 _c10939
_d10939